000 00620nam a22001937a 4500
003 0
005 20231117074336.0
008 231117b xxu||||| |||| 00| 0 eng d
020 _a978-621-409-170-6
050 _aN 280
_b.So65 2023
100 _aSolmerano, Ernesto Thaddeus M.
245 _aArt appreciation
_c Ernesto Thaddeus M. Solmerano
250 _aSecond edition
260 _aMandaluyong City
_bBooks Atbp., Publishing Corp.
_cc2023.
300 _axiv, 222 pages :
_bb&w illustrations;
_c23 cm.
504 _aIncludes bibliographical references.
650 _aArt--study and teaching.
942 _2lcc
_cBK
999 _c365611
_d365611